Focus on IELTS
Prepare students for the IELTS exam as well as future academic study. With its focus on academic skills, this updated version of Focus on IELTS equips students for both the IELTS examination,...
Na minha lista:
| Autor principal: | |
|---|---|
| Formato: | Livro |
| Idioma: | Undetermined |
| Publicado em: |
Harlow, England
Pearson Education
2010
|
| Assuntos: | |
| Tags: |
Adicionar Tag
Sem tags, seja o primeiro a adicionar uma tag!
|
| Thư viện lưu trữ: | Trung tâm Học liệu Trường Đại học Cần Thơ |
|---|
| LEADER | 00793nam a2200217Ia 4500 | ||
|---|---|---|---|
| 001 | CTU_187983 | ||
| 008 | 210402s9999 xx 000 0 und d | ||
| 020 | |c 302000 | ||
| 082 | |a 428.0076 | ||
| 082 | |b O.17 | ||
| 100 | |a O'Connell, Sue | ||
| 245 | 0 | |a Focus on IELTS | |
| 245 | 0 | |c Sue O'Connell | |
| 260 | |a Harlow, England | ||
| 260 | |b Pearson Education | ||
| 260 | |c 2010 | ||
| 520 | |a Prepare students for the IELTS exam as well as future academic study. With its focus on academic skills, this updated version of Focus on IELTS equips students for both the IELTS examination,... | ||
| 650 | |a English language,Tiếng Anh | ||
| 650 | |x Examinations, questions, etc.,Kỳ thi, câu hỏi | ||
| 910 | |a Bé Thảo,Hải | ||
| 980 | |a Trung tâm Học liệu Trường Đại học Cần Thơ | ||